000 00797cam a2200253 a 4500
001 000014681
003 DO-SdBNP
005 20251028120102.0
008 810218s1980 ve b 000 0 spa
040 _aDO-SdBNP
_bspa
_cDLC
_dBNPHU
049 _aBNGR
082 _a303.3
_bL333e
100 1 _aLarrazábal, Radamés.
_933274
245 1 0 _aEstrategia de poder /
_cRadamés Larrazábal.
260 _aCaracas, (Venezuela), :
_bEditorial Ateneo de Caracas,
_c1980.
300 _a110 p. ;
_c21 cm.
490 1 _aTeoría política
504 _aIncluye referencias bibliográficas.
650 4 _aSocialismo
_zVenezuela
_933276
651 0 _aVenezuela
_xPolítica y gobierno
_y1974-1999.
_926230
830 0 _aTeoría política ;
_933277
910 _aCatalogación derivada
942 _2ddc
_cLBS1
999 _c14265
_d14265